01343nam a2200337Ia 4500001001200000003000800012006001900020007001500039008004100054010001700095020001500112020002800127020002800155040002100183035002100204050002400225245009500249260004400344300001600388500010500404504006400509533015200573650001100725650001800736650002300754650003300777655002900810700002300839710001700862856012600879ebr10055981CaPaEBRm u cr cn|||||||||971119s1998 enk sb 001 0 eng d z 97046643  z020344552X z0415164478 (alk. paper) z041516446X (alk. paper) aCaPaEBRcCaPaEBR a(OCoLC)56051457414aGV1594b.R68 1998eb04aThe Routledge dance studies readerh[electronic resource] /c[edited by] Alexandra Carter. aLondon ;aNew York :bRoutledge,c1998. axix, 316 p. a"Represents the range and diversity of writings on dance from the 1980s and 1990s"--P. [4] of cover. aIncludes bibliographical references (p. 294-304) and index. aElectronic reproduction.bPalo Alto, Calif. :cebrary,d2009.nAvailable via World Wide Web.nAccess may be limited to ebrary affiliated libraries. 0aDance. 0aModern dance. 0aDancexPhilosophy. 0aDancexSociological aspects. 7aElectronic books.2local1 aCarter, Alexandra.2 aebrary, Inc.40uhttp://site.ebrary.com/lib/rucke/Doc?id=10055981zAn electronic book accessible through the World Wide Web; click to view